The tourist guide-book of Spain with town-guides, road and railway maps (Record no. 6344)
[ view plain ]
| 000 -CABECERA | |
|---|---|
| campo de control de longitud fija | 00699nam a2200217 a 4500 |
| 001 - NÚMERO DE CONTROL | |
| campo de control | BRCA_6660 |
| 005 - FECHA Y HORA DE LA ÚLTIMA TRANSACCIÓN | |
| campo de control | 20190320205539.0 |
| 008 - DATOS DE LONGITUD FIJA--INFORMACIÓN GENERAL | |
| campo de control de longitud fija | 121011s1951----sp-ab#####---#000-0#spa-# |
| 041 ## - CÓDIGO DE LENGUA | |
| Código de lengua del texto/banda sonora o título independiente | spa |
| 044 ## - CÓDIGO DEL PAÍS DE LA ENTIDAD EDITORA/PRODUCTORA | |
| Código MARC del país | sp |
| 050 #4 - SIGNATURA TOPOGRÁFICA DE LA BIBLIOTECA DEL CONGRESO | |
| Número de clasificación | DP14 |
| Número de documento/Ítem | .T67 1951 |
| 245 10 - MENCIÓN DE TÍTULO | |
| Título | The tourist guide-book of Spain with town-guides, road and railway maps |
| Mención de responsabilidad, etc. | compiled and edited by Herbert W. Serra Williamson. |
| 260 ## - PUBLICACIÓN, DISTRIBUCIÓN, ETC. | |
| Lugar de publicación, distribución, etc. | Madrid |
| Nombre del editor, distribuidor, etc. | The Times of Spain |
| Fecha de publicación, distribución, etc. | 1951 |
| 300 ## - DESCRIPCIÓN FÍSICA | |
| Extensión | 541 p. |
| Otras características físicas | il., mapas |
| Dimensiones | 17 cm. |
| 500 ## - NOTA GENERAL | |
| Nota general | Incluye índice alfabético |
| 500 ## - NOTA GENERAL | |
| Nota general | L171 |
| 600 14 - PUNTO DE ACCESO ADICIONAL DE MATERIA--NOMBRE DE PERSONA | |
| Nombre de persona | Williamson, Herbert W. Serra |
| Término indicativo de función/relación | ed. |
| 9 (RLIN) | 16674 |
| 651 #4 - PUNTO DE ACCESO ADICIONAL DE MATERIA--NOMBRE GEOGRÁFICO | |
| Nombre geográfico | España |
| Subdivisión de forma | Guía de viajeros |
| Subdivisión general | Descripción y viajes |
| 9 (RLIN) | 16675 |
| 902 ## - CATALOGADOR | |
| Iniciales | GFM |
| 942 ## - ELEMENTOS DE PUNTO DE ACCESO ADICIONAL (KOHA) | |
| Fuente del sistema de clasificación o colocación | Library of Congress Classification |
| Tipo de ítem Koha | Libros |
| Estado de retiro | Estado de pérdida | Estado dañado | No para préstamo | Localización permanente | Ubicación/localización actual | Fecha de adquisición | Número de inventario | Total de préstamos | Signatura topográfica completa | Código de barras | Fecha visto por última vez | Precio válido a partir de | Tipo de ítem Koha |
|---|---|---|---|---|---|---|---|---|---|---|---|---|---|
| El ejemplar forma parte de la colección y puede ser consultado según las políticas vigentes. | Biblioteca del Museo Franz Mayer (Rogerio Casas-Alatriste) | Biblioteca del Museo Franz Mayer (Rogerio Casas-Alatriste) | 12/10/2011 | L171 | DP14 .T67 1951 (L171) | 7108 | 22/03/2019 | 22/03/2019 | Libros |